Missing Word: Christopher Walken A-Z Quiz Stats

Quiz Updated Feb 1, 2016

Challenge
Share
Tweet
Embed
Score 0/25 Timer 03:00
0 Plays Today
Movie Word % Correct
Catch Me __ You CanIf
98.2%
____ FictionPulp
97.5%
____ Man StandingLast
97.4%
_______ CrashersWedding
95.2%
The _____ HunterDeer
94.6%
Stand __ GuysUp
94.5%
Sleepy ______Hollow
94%
Batman _______Returns
93.3%
______ HallAnnie
92.8%
___ on FireMan
92.4%
Heaven's ____Gate
92.1%
At _____ RangeClose
88.2%
A ____ to a KillView
88.1%
Movie Word % Correct
Man of the ____Year
87.3%
When I Live My Life ____ AgainOver
85.9%
Jersey ____Boys
85.8%
The Dead ____Zone
78.5%
Nick of ____Time
76.8%
Kangaroo ____Jack
73.9%
_____ PsychopathsSeven
56.9%
Balls of ____Fury
48.5%
______ BaggageExcess
45.2%
Suicide _____Kings
36.3%
The Affair of the ________Necklace
8.1%
A Late _______Quartet
8%

Today's Daily Dose

Missing Word
1971 Movies A-Z

Word Ladder
Complete Tour

Quick Pick
Logo Colors

On This Day
January 19th

You're not logged in!

Compare scores with friends on all Sporcle quizzes.
Sign Up with Email
OR
Log In

You Might Also Like...

Show Comments

Extras

Top Quizzes Today


Score Distribution

Your Account Isn't Verified!

In order to create a playlist on Sporcle, you need to verify the email address you used during registration. Go to your Sporcle Settings to finish the process.